| 000 | 00854nam a2200205 i 4500 | ||
|---|---|---|---|
| 001 | 111696 | ||
| 003 | ES-MaACL | ||
| 005 | 20230906185338.0 | ||
| 007 | t| | ||
| 008 | 180530s1913 sp r ||||1| spa d | ||
| 245 | 0 | 0 | _aMemoria explicativa de las modificaciones que se introducen en el presupuesto para 1914. |
| 260 |
_aMadrid : _b[s.n.], _c1913 ( _fTalleres del Depósito de la Guerra) |
||
| 300 |
_a32 p. ; _c26 cm. |
||
| 500 | _aIncluye: Dirección General de Prisiones: Plan de obras durante cinco años, en las prisiones a cargo del Estado (p. 19-32) | ||
| 594 | _aPrecede al tít.: Ministerio de Gracia y Justicia. Sección 3ª. | ||
| 610 | 0 | 4 |
_aEspaña. _bMinisterio de Gracia y Justicia. _93873 |
| 650 | 4 |
_aPresupuestos- _zEspaña. _9152607 |
|
| 650 | 4 |
_aEstablecimientos penitenciarios- _zEspaña. _9145832 |
|
| 852 |
_aES-MaACL _jC-23756(10) |
||
| 999 |
_c111696 _d111696 |
||